000
00206 a2200097 4500
001
26084
100
_a
Elliot S H M
245
_a
Memoirs of Jehangir
260
_a
_b
Islamic Book
_c
090
_c
17646
_d
17646
942
_a
NUST-CAE
_c
M
_c
8498
999
_c
261157
_d
261157